00638nam a2200205Ia 450000500170000000800410001702000180005804000190007604100120009508200130010710000180012024500580013825000110019626000690020730000440027650400690032065000160038970000170040585000100042220230712113957.0131103s9999 xx 000 0 und d a70532281cRs  aLoreto College aEnglish a630bSIN aSingh, Jasbir aAgricultural geographycby Jasbir Singh, S.S. Dhillon a3rd ed aNew DelhibTata McGraw-Hill Publishing Company Limitedc(c) 2004 axiii,492pb maps,tables, graphs, charts aIncludes bibliographical references, author index, subject index aAgriculture aDhillon, S S aLCLIB